Normal view
MARC view
Entry Topical Term
001 - CONTROL NUMBER
- control field: 42398
003 - CONTROL NUMBER IDENTIFIER
- control field: dpl
005 - DATE AND TIME OF LATEST TRANSACTION
- control field: 20120217100035.0
008 - FIXED-LENGTH DATA ELEMENTS
- fixed length control field: 120217|||a|||||| | ||| d
040 ## - CATALOGING SOURCE
- Original cataloging agency: dpl
- Transcribing agency: dpl
150 ## - HEADING--TOPICAL TERM
- Topical term or geographic name as entry element: सामान्य ज्ञान
670 ## - SOURCE DATA FOUND
- Source citation: Work cat.: (dpl): यादव, रामजी लाल 42397, आर.गुप्ता कृत पॉपुलर मास्टर गाइड ,यू.जी.सी-नैट/स्लैट जूनियर रिसर्च फेलोशिप तथा लेक्चरशिप परीक्षा : , व.अ.
670 ## - SOURCE DATA FOUND
- Source citation: Work cat.: (dpl): यादव, रामजी लाल 42397, आर.गुप्ता कृत पॉपुलर मास्टर गाइड ,यू.जी.सी-नैट/स्लैट जूनियर रिसर्च फेलोशिप तथा लेक्चरशिप परीक्षा : , व.अ.
